[Event "Fagernes op"]
[Site "Fagernes"]
[Date "2024.03.29"]
[Round "7"]
[White "Panda, Sambit"]
[Black "Kreken, Eivind Grunt"]
[Result "1/2-1/2"]
[WhiteElo "2377"]
[BlackElo "2215"]
[PlyCount "96"]
[EventDate "2024.03.24"]
[EventType "swiss"]
[EventRounds "9"]
[EventCountry "NOR"]
[SourceTitle "CB14_2024"]
[SourceDate "2024.04.01"]
[SourceVersion "1"]
[SourceVersionDate "2024.04.01"]
[SourceQuality "1"]

1. d4 d5 2. c4 e6 3. Nf3 Nf6 4. Nc3 c5 5. cxd5 Nxd5 6. e4 Nxc3 7. bxc3 cxd4 8. cxd4 Bb4+ 9. Bd2 Bxd2+ 10. Qxd2 0-0 11. h4 b6 12. Rd1 Bb7 13. Bd3 Nc6 14. Qe3 Rc8 15. 0-0 Nb4 16. Bb1 Qe7 17. Rd2 h6 18. Re1 Rfe8 19. h5 Nc6 20. d5 exd5 21. e5 Qb4 22. Qd3 Qf4 23. Qh7+ Kf8 24. Rxd5 Rcd8 25. Rd6 Ke7 26. Qd3 Kf8 27. Rxd8 Rxd8 28. Qa3+ Qb4 29. Qe3 Nd4 30. Nxd4 Qxd4 31. Qa3+ Kg8 32. e6 fxe6 33. Qxa7 Rf8 34. Rf1 Bxg2 35. Kxg2 Qg4+ 36. Kh1 Qh3+ 37. Kg1 Qg4+ 38. Kh1 Qxh5+ 39. Kg1 Qg4+ 40. Kh2 Qh4+ 41. Kg2 Qg4+ 42. Kh2 Rf3 43. Qb8+ Kf7 44. Qc7+ Kf6 45. Qd8+ Kf7 46. Qc7+ Kf6 47. Qd8+ Kf7 48. Qc7+ Kf6 1/2-1/2

[Event "Fagernes op"]
[Site "Fagernes"]
[Date "2024.03.25"]
[Round "2"]
[White "Petkov, Momchil"]
[Black "Kreken, Eivind Grunt"]
[Result "1/2-1/2"]
[WhiteElo "2500"]
[BlackElo "2215"]
[PlyCount "78"]
[EventDate "2024.03.24"]
[EventType "swiss"]
[EventRounds "9"]
[EventCountry "NOR"]
[SourceTitle "CB14_2024"]
[SourceDate "2024.04.01"]
[SourceVersion "1"]
[SourceVersionDate "2024.04.01"]
[SourceQuality "1"]

1. d4 d5 2. c4 e6 3. Nf3 Nf6 4. Nc3 c5 5. e3 dxc4 6. Bxc4 a6 7. e4 b5 8. Bb3 Bb7 9. e5 cxd4 10. Nxd4 Bc5 11. Be3 Bxd4 12. Qxd4 Qxd4 13. Bxd4 Nc6 14. exf6 Nxd4 15. fxg7 Rg8 16. f3 Rd8 17. Rd1 Rxg7 18. Kf2 Rg5 19. Rhe1 Rc5 20. Ne4 Bxe4 21. Rxe4 Nxb3 22. Rxd8+ Kxd8 23. axb3 Ke7 24. Re2 a5 25. g4 h6 26. Rd2 a4 27. bxa4 bxa4 28. Kg3 Kf6 29. Rd4 Rb5 30. Rxa4 Rxb2 31. Ra8 Kg6 32. h4 Rc2 33. h5+ Kg7 34. Ra4 Rb2 35. Ra3 Kf6 36. f4 Rb4 37. Kf3 Rc4 38. Ra5 Rc3+ 39. Kf2 Rc2+ 1/2-1/2

[Event "Karlstad op"]
[Site "Karlstad"]
[Date "2023.12.29"]
[Round "6"]
[White "Kreken, Eivind Grunt"]
[Black "Hagevi, Vidar"]
[Result "1/2-1/2"]
[WhiteElo "2271"]
[BlackElo "2095"]
[PlyCount "130"]
[EventDate "2023.12.27"]
[EventType "swiss"]
[EventRounds "8"]
[EventCountry "SWE"]
[SourceTitle "CB01_2024"]
[SourceDate "2024.01.03"]
[SourceVersion "1"]
[SourceVersionDate "2024.01.03"]
[SourceQuality "1"]

1. c4 Nf6 2. Nc3 e5 3. g3 Nc6 4. Nf3 Bb4 5. Bg2 d6 6. 0-0 0-0 7. Nd5 Bc5 8. d3 h6 9. e3 Bf5 10. d4 Bb6 11. a3 e4 12. Nd2 Re8 13. Nxf6+ Qxf6 14. Qc2 Bxd4 15. exd4 e3 16. Ne4 Bxe4 17. Bxe4 Nxd4 18. Qd3 e2 19. Re1 Rxe4 20. Qxe4 Nf3+ 21. Kh1 Nxe1 22. Bf4 g5 23. Rxe1 gxf4 24. Rxe2 c6 25. Kg2 Rd8 26. Qxf4 Qxf4 27. gxf4 Rd7 28. f5 Kg7 29. Kf3 Kf6 30. Kf4 d5 31. cxd5 Rxd5 32. Kg3 Rxf5 33. Re8 Rb5 34. b4 a5 35. Re4 Rd5 36. a4 h5 37. bxa5 Rxa5 38. Rb4 b5 39. axb5 cxb5 40. f4 Kf5 41. Kh4 Kg6 42. h3 f6 43. Kg3 Ra3+ 44. Kg2 Ra4 45. Rxb5 Rxf4 46. Kg3 Ra4 47. Rb3 h4+ 48. Kf3 Kg5 49. Rb5+ f5 50. Rb3 Ra2 51. Rb8 Rh2 52. Rg8+ Kf6 53. Kf4 Rf2+ 54. Ke3 Rh2 55. Kf4 Rf2+ 56. Ke3 Ra2 57. Rb8 Ra3+ 58. Kf4 Ra4+ 59. Kf3 Re4 60. Ra8 Rb4 61. Ra7 Rb3+ 62. Kf4 Rxh3 63. Ra6+ Ke7 64. Kxf5 Rh1 65. Kg4 h3 1/2-1/2

[Event "Karlstad op"]
[Site "Karlstad"]
[Date "2023.12.28"]
[Round "4"]
[White "Kreken, Eivind Grunt"]
[Black "Carlsson, Andreas"]
[Result "1-0"]
[WhiteElo "2271"]
[BlackElo "1902"]
[PlyCount "61"]
[EventDate "2023.12.27"]
[EventType "swiss"]
[EventRounds "8"]
[EventCountry "SWE"]
[SourceTitle "CB01_2024"]
[SourceDate "2024.01.03"]
[SourceVersion "1"]
[SourceVersionDate "2024.01.03"]
[SourceQuality "1"]

1. d4 e6 2. c4 f5 3. g3 Nf6 4. Bg2 d5 5. Nf3 c6 6. 0-0 Bd6 7. b3 Qe7 8. Bb2 0-0 9. Qc1 Nbd7 10. Ba3 Bxa3 11. Qxa3 Qxa3 12. Nxa3 b6 13. Rfc1 Bb7 14. cxd5 exd5 15. Nc2 Rfc8 16. Ne5 Nxe5 17. dxe5 Ne4 18. f3 Nc5 19. Nd4 g6 20. b4 Nd7 21. f4 Kf8 22. Rc2 c5 23. bxc5 Nxc5 24. Rac1 Ke7 25. Nb5 Bc6 26. Nd6 Rc7 27. e3 Kd7 28. Bf3 Rf8 29. g4 Ne4 30. Bxe4 fxe4 31. Nb5 1-0

[Event "Karlstad op"]
[Site "Karlstad"]
[Date "2023.12.27"]
[Round "1"]
[White "Bohman, Leif"]
[Black "Kreken, Eivind Grunt"]
[Result "0-1"]
[WhiteElo "1684"]
[BlackElo "2271"]
[PlyCount "48"]
[EventDate "2023.12.27"]
[EventType "swiss"]
[EventRounds "8"]
[EventCountry "SWE"]
[SourceTitle "CB01_2024"]
[SourceDate "2024.01.03"]
[SourceVersion "1"]
[SourceVersionDate "2024.01.03"]
[SourceQuality "1"]

1. d4 Nf6 2. Nf3 g6 3. Bf4 Bg7 4. e3 d6 5. h3 0-0 6. Nbd2 Nbd7 7. Be2 c5 8. c3 b6 9. 0-0 Bb7 10. Re1 Re8 11. Bf1 e5 12. dxe5 dxe5 13. Bg3 e4 14. Nh2 Nh5 15. Bd6 Ne5 16. Bxe5 Bxe5 17. g4 Qc7 18. gxh5 Bxh2+ 19. Kh1 Rad8 20. Qe2 Rd5 21. Bg2 Rxh5 22. Nf1 Be5 23. Nd2 Qc8 24. Qf1 Ba6 0-1

[Event "Karlstad op"]
[Site "Karlstad"]
[Date "2023.12.27"]
[Round "2"]
[White "Kreken, Eivind Grunt"]
[Black "Nystrom, Jonas"]
[Result "0-1"]
[WhiteElo "2271"]
[BlackElo "1913"]
[PlyCount "110"]
[EventDate "2023.12.27"]
[EventType "swiss"]
[EventRounds "8"]
[EventCountry "SWE"]
[SourceTitle "CB01_2024"]
[SourceDate "2024.01.03"]
[SourceVersion "1"]
[SourceVersionDate "2024.01.03"]
[SourceQuality "1"]

1. d4 Nf6 2. c4 g6 3. Nc3 Bg7 4. e4 d6 5. Nf3 0-0 6. Be2 e5 7. dxe5 dxe5 8. Qxd8 Rxd8 9. Bg5 c6 10. Nxe5 Re8 11. f4 Nbd7 12. Nxd7 Nxd7 13. 0-0-0 Nc5 14. e5 h6 15. Bh4 g5 16. Bg3 gxf4 17. Bxf4 Bxe5 18. Bxe5 Rxe5 19. Rd8+ Kg7 20. Bg4 Ne6 21. Bxe6 Rxe6 22. Rf1 b6 23. Rf3 Bb7 24. Rd7 Ba6 25. Rfxf7+ Kg8 26. b3 Rae8 27. Rxa7 b5 28. Rg7+ Kh8 29. Rg4 Bc8 30. cxb5 Re1+ 31. Kb2 Bxg4 32. bxc6 Rc8 33. c7 Re7 34. Nd5 Rg7 35. Ra6 h5 36. b4 Be2 37. Rh6+ Kg8 38. Rxh5 Bxh5 39. b5 Rgxc7 40. Nf6+ Kf7 41. Nxh5 Rc2+ 42. Kb3 Rxg2 43. a4 Rxh2 44. Nf4 Rf2 45. Nd5 Rf3+ 46. Kb4 Ke6 47. Nb6 Rf4+ 48. Ka5 Rb8 49. Ka6 Kd6 50. a5 Rf7 51. Nc4+ Kc5 52. b6 Kxc4 53. b7 Kc5 54. Ka7 Rfxb7+ 55. Ka6 Rb5 0-1

[Event "Malmo op"]
[Site "Malmo"]
[Date "2023.12.15"]
[Round "4"]
[White "Sorensen, Hampus"]
[Black "Kreken, Eivind Grunt"]
[Result "1-0"]
[WhiteElo "2474"]
[BlackElo "2271"]
[PlyCount "73"]
[EventDate "2023.12.15"]
[EventType "swiss"]
[EventRounds "8"]
[EventCountry "SWE"]
[SourceTitle "CB51_2023"]
[SourceDate "2023.12.20"]
[SourceVersion "1"]
[SourceVersionDate "2023.12.20"]
[SourceQuality "1"]

1. e4 e5 2. Nf3 Nc6 3. Bb5 a6 4. Ba4 b5 5. Bb3 Na5 6. 0-0 d6 7. d4 Nxb3 8. axb3 f6 9. c4 b4 10. Ne1 Bb7 11. d5 c5 12. f4 exf4 13. Bxf4 Ne7 14. Nd2 Ng6 15. Nd3 Be7 16. Bg3 Qd7 17. Qh5 0-0-0 18. Nxb4 cxb4 19. c5 Qb5 20. c6 Bxc6 21. Rfc1 Kb8 22. Rxc6 Rc8 23. Rcxa6 Rc1+ 24. Rxc1 Qxa6 25. Nc4 Ne5 26. Qd1 Rc8 27. Ra1 Qb5 28. Ra5 Qb7 29. Bxe5 fxe5 30. Kh1 Rf8 31. Ra4 Bh4 32. g3 Bg5 33. Na5 Qf7 34. Rxb4+ Kc8 35. Qc2+ Kd8 36. Rb8+ Ke7 37. Rb7+ 1-0

[Event "Fagernes Autumn op"]
[Site "Fagernes"]
[Date "2023.10.11"]
[Round "5"]
[White "Rindhiya, V."]
[Black "Kreken, Eivind Grunt"]
[Result "0-1"]
[WhiteElo "1852"]
[BlackElo "2237"]
[PlyCount "100"]
[EventDate "2023.10.08"]
[EventType "swiss"]
[EventRounds "9"]
[EventCountry "NOR"]
[SourceTitle "Mega2024 Update 01"]
[Source "Chessbase"]
[SourceDate "2023.11.12"]
[SourceVersion "1"]
[SourceVersionDate "2023.11.12"]
[SourceQuality "1"]

1. e4 e5 2. Nf3 Nc6 3. Bb5 a6 4. Ba4 Nf6 5. 0-0 Be7 6. Re1 b5 7. Bb3 d6 8. c3 0-0 9. h3 h6 10. d4 Re8 11. Nbd2 Bd7 12. Nf1 a5 13. a4 bxa4 14. Bxa4 exd4 15. Nxd4 Nxd4 16. cxd4 d5 17. e5 Ne4 18. f3 Ng5 19. Bc2 Bb4 20. Bd2 Ne6 21. Bxb4 axb4 22. Qd3 Rxa1 23. Rxa1 Qh4 24. Rd1 g6 25. Ne3 Nf4 26. Qf1 Qg3 27. Kh1 h5 28. Qe1 Qxe1+ 29. Rxe1 h4 30. Bb3 c6 31. Ba4 Rd8 32. b3 Kg7 33. Kh2 Re8 34. Rc1 Ne2 35. Rc5 Nxd4 36. f4 Ne6 37. Rc1 Nxf4 38. Rf1 g5 39. Nc2 Rxe5 40. Nxb4 Re2 41. Bxc6 Bxc6 42. Nxc6 Rxg2+ 43. Kh1 Rg3 44. Rb1 Rxh3+ 45. Kg1 Rg3+ 46. Kh1 h3 47. b4 Rg2 48. Rb3 g4 49. b5 g3 50. b6 Ne2 0-1

[Event "Riga Tech op-A"]
[Site "Riga"]
[Date "2023.08.08"]
[Round "3"]
[White "Basso, Pier Luigi"]
[Black "Kreken, Eivind Grunt"]
[Result "1-0"]
[WhiteElo "2496"]
[BlackElo "2129"]
[PlyCount "73"]
[EventDate "2023.08.07"]
[EventType "swiss"]
[EventRounds "9"]
[EventCountry "LAT"]
[SourceTitle "CBM 215 Extra"]
[Source "ChessBase"]
[SourceDate "2023.09.30"]
[SourceVersion "1"]
[SourceVersionDate "2023.09.30"]
[SourceQuality "1"]

1. d4 d5 2. c4 e6 3. Nf3 a6 4. cxd5 exd5 5. Nc3 h6 6. Qb3 Nf6 7. e4 Nxe4 8. Nxe4 dxe4 9. Ne5 Qe7 10. Bd2 Nc6 11. Bc4 Nxe5 12. dxe5 g6 13. 0-0 Bg7 14. Rae1 0-0 15. Rxe4 Bf5 16. Re3 b5 17. Bd5 Rad8 18. Ba5 Qc5 19. Bxf7+ Rxf7 20. e6 Bxe6 21. Rxe6 Qc4 22. Qxc4 bxc4 23. Rxg6 Kh7 24. Rc6 Rb8 25. Bc3 Bxc3 26. bxc3 Rb2 27. a4 Ra2 28. Rxc4 c5 29. g4 Rd7 30. Kg2 Rd3 31. Rb1 Ra3 32. Rb7+ Kg8 33. Rxc5 Rdxc3 34. Rxc3 Rxc3 35. Rb6 Rc4 36. Rxa6 Rxg4+ 37. Kf3 1-0

[Event "Riga Tech Rapid op"]
[Site "Riga"]
[Date "2023.08.06"]
[Round "8"]
[White "Kreken, Eivind Grunt"]
[Black "Korchagin, Oleg"]
[Result "1-0"]
[WhiteElo "2129"]
[BlackElo "2002"]
[PlyCount "95"]
[EventDate "2023.08.06"]
[EventType "swiss (rapid)"]
[EventRounds "9"]
[EventCountry "LAT"]
[SourceTitle "CBM 215 Extra"]
[Source "ChessBase"]
[SourceDate "2023.09.30"]
[SourceVersion "1"]
[SourceVersionDate "2023.09.30"]
[SourceQuality "1"]

1. d4 Nf6 2. c4 g6 3. Nc3 d5 4. cxd5 Nxd5 5. e4 Nxc3 6. bxc3 Bg7 7. Bc4 c5 8. Ne2 Nc6 9. Be3 0-0 10. 0-0 Na5 11. Bd3 cxd4 12. cxd4 b6 13. Rc1 Bb7 14. Qd2 Qd7 15. f3 Rac8 16. h4 Rxc1 17. Rxc1 Rc8 18. h5 Rxc1+ 19. Qxc1 gxh5 20. Qc2 Qc8 21. Ng3 Qxc2 22. Bxc2 Nc6 23. Nf5 Bf8 24. d5 Nd8 25. Bf4 Bc8 26. Nd4 e6 27. Kh2 Bg7 28. Nc6 Nxc6 29. dxc6 e5 30. Bg5 f6 31. Bb3+ Kf8 32. Bd2 Ke8 33. Bb4 Bf8 34. Bxf8 Kxf8 35. Kg3 Ke7 36. Kh4 Kd6 37. Kxh5 Be6 38. c7 Bc8 39. Kh6 Kxc7 40. Kg7 f5 41. exf5 Bxf5 42. Kf6 Bb1 43. Kxe5 Kc6 44. f4 Kc5 45. f5 b5 46. f6 Bg6 47. f7 Bxf7 48. Bxf7 1-0

[Event "Deltalift op"]
[Site "Tylosand"]
[Date "2023.05.18"]
[Round "4"]
[White "Kreken, Eivind Grunt"]
[Black "Jepson, Christian"]
[Result "0-1"]
[WhiteElo "2097"]
[BlackElo "2390"]
[PlyCount "56"]
[EventDate "2023.05.18"]
[EventType "swiss"]
[EventRounds "8"]
[EventCountry "SWE"]
[SourceTitle "CBM 214 Extra"]
[Source "ChessBase"]
[SourceDate "2023.07.31"]
[SourceVersion "1"]
[SourceVersionDate "2023.07.31"]
[SourceQuality "1"]

1. e4 d6 2. d4 Nf6 3. Nc3 g6 4. Be3 c6 5. h3 Nbd7 6. f4 e5 7. Nf3 Qe7 8. dxe5 dxe5 9. f5 Nc5 10. Bd3 gxf5 11. exf5 e4 12. Bxc5 Qxc5 13. Bxe4 Qe3+ 14. Qe2 Qxe2+ 15. Kxe2 Nxe4 16. Nxe4 Bxf5 17. Nfd2 0-0-0 18. Rhf1 Bg6 19. Rad1 Bg7 20. c3 Rhe8 21. Kf3 Rd3+ 22. Ke2 Rd5 23. Kf3 Red8 24. Ke2 Bh6 25. g4 Bxd2 26. Rxd2 Bxe4 27. Rxd5 Bxd5 28. b3 Re8+ 0-1

[Event "Fagernes op-A"]
[Site "Fagernes"]
[Date "2023.04.06"]
[Round "6"]
[White "Kreken, Eivind Grunt"]
[Black "Aamodt, Peder Marcus"]
[Result "0-1"]
[WhiteElo "2144"]
[BlackElo "2022"]
[PlyCount "128"]
[EventDate "2023.04.02"]
[EventType "swiss"]
[EventRounds "9"]
[EventCountry "NOR"]
[SourceTitle "CBM 213 Extra"]
[Source "ChessBase"]
[SourceDate "2023.05.31"]
[SourceVersion "1"]
[SourceVersionDate "2023.05.31"]
[SourceQuality "1"]

1. d4 d5 2. c4 e6 3. Nc3 Be7 4. Nf3 Nf6 5. Bg5 h6 6. Bh4 0-0 7. cxd5 exd5 8. Qc2 c6 9. e3 Ne4 10. Bxe7 Qxe7 11. Bd3 Re8 12. 0-0 Bf5 13. Ne5 Nd7 14. Nxd7 Bxd7 15. Rae1 Nd6 16. f3 Qf6 17. Qf2 b5 18. g4 h5 19. h3 hxg4 20. hxg4 g6 21. Kg2 Kg7 22. Rh1 Rh8 23. Ne2 a5 24. Nf4 a4 25. Qg3 Nc4 26. Bxc4 bxc4 27. g5 Qf5 28. e4 dxe4 29. fxe4 Qg4 30. Qxg4 Bxg4 31. Kg3 Rxh1 32. Rxh1 Bd7 33. Rc1 a3 34. Rc2 axb2 35. Rxb2 Ra3+ 36. Kg2 Bg4 37. Rc2 Bf3+ 38. Kh2 Bxe4 39. Rxc4 Rxa2+ 40. Kg3 Ra3+ 41. Kh2 Rf3 42. Nh3 Bd5 43. Rb4 Be6 44. Ng1 Rf5 45. Nh3 Rf3 46. Ng1 Rf4 47. Kg3 Rg4+ 48. Kf2 Rxg5 49. Nf3 Rf5 50. Kg3 Bd5 51. Ne5 c5 52. Rb5 cxd4 53. Rxd5 d3 54. Rxd3 Rxe5 55. Rd7 g5 56. Kg4 Kg6 57. Rd6+ Re6 58. Rd8 f5+ 59. Kf3 g4+ 60. Kf4 Re4+ 61. Kg3 Re3+ 62. Kg2 Kg5 63. Kf2 Ra3 64. Kg2 Ra2+ 0-1

[Event "Fagernes op-A"]
[Site "Fagernes"]
[Date "2023.04.04"]
[Round "3"]
[White "Skotheim, Andreas"]
[Black "Kreken, Eivind Grunt"]
[Result "1-0"]
[WhiteElo "2228"]
[BlackElo "2144"]
[PlyCount "75"]
[EventDate "2023.04.02"]
[EventType "swiss"]
[EventRounds "9"]
[EventCountry "NOR"]
[SourceTitle "CBM 213 Extra"]
[Source "ChessBase"]
[SourceDate "2023.05.31"]
[SourceVersion "1"]
[SourceVersionDate "2023.05.31"]
[SourceQuality "1"]

1. e4 e5 2. Nf3 Nc6 3. Bb5 a6 4. Bxc6 dxc6 5. 0-0 Bg4 6. h3 h5 7. d3 Qf6 8. Nbd2 Ne7 9. Re1 Ng6 10. d4 Nf4 11. dxe5 Qg6 12. Nh4 Bxd1 13. Nxg6 Nxg6 14. Rxd1 0-0-0 15. Re1 Nxe5 16. Nf3 Nxf3+ 17. gxf3 Bc5 18. Kf1 Kd7 19. Ke2 Ke6 20. Be3 Bxe3 21. Kxe3 g5 22. Rad1 Ke5 23. Rxd8 Rxd8 24. Rg1 f6 25. h4 Rg8 26. hxg5 fxg5 27. Rxg5+ Rxg5 28. f4+ Kf6 29. fxg5+ Kxg5 30. Kf3 h4 31. Kg2 c5 32. e5 b5 33. f4+ Kf5 34. Kh3 a5 35. c3 c4 36. a3 c5 37. Kxh4 Kxf4 38. e6 1-0

[Event "NOR-chT Elite 2223"]
[Site "Norway"]
[Date "2023.03.05"]
[Round "9.56"]
[White "Kreken, Eivind Grunt"]
[Black "Mansoor, Afras"]
[Result "1/2-1/2"]
[WhiteElo "2104"]
[BlackElo "2118"]
[PlyCount "87"]
[EventDate "2022.11.11"]
[EventType "team-tourn"]
[EventRounds "9"]
[EventCountry "NOR"]
[SourceTitle "CBM 213 Extra"]
[Source "ChessBase"]
[SourceDate "2023.05.31"]
[SourceVersion "1"]
[SourceVersionDate "2023.05.31"]
[SourceQuality "1"]
[WhiteTeam "Nordstrand"]
[BlackTeam "Bergens"]
[WhiteTeamCountry "NOR"]
[BlackTeamCountry "NOR"]

1. d4 Nf6 2. c4 e6 3. Nc3 Bb4 4. Qc2 0-0 5. a3 Bxc3+ 6. Qxc3 b6 7. Nf3 Bb7 8. e3 Ne4 9. Qc2 d6 10. Bd3 f5 11. 0-0 Nd7 12. Nd2 Qh4 13. f3 Ng5 14. f4 Qg4 15. d5 Nf7 16. Rf3 Nh6 17. Rg3 Qh5 18. dxe6 Nc5 19. b4 Nxd3 20. Qxd3 Qd1+ 21. Qf1 Qxf1+ 22. Kxf1 Rae8 23. h3 Rxe6 24. Bb2 g6 25. Nb3 Rfe8 26. Kf2 c5 27. Rd1 Bc6 28. Nd2 Nf7 29. Nb1 h5 30. e4 h4 31. Re3 Rxe4 32. Rxe4 Rxe4 33. Nd2 Re6 34. Rg1 g5 35. g3 hxg3+ 36. Rxg3 Rg6 37. Nf3 Bxf3 38. Kxf3 Kh7 39. fxg5 Nxg5+ 40. Ke3 f4+ 41. Kxf4 Ne6+ 42. Kf3 Rxg3+ 43. Kxg3 Kg6 44. Kg4 1/2-1/2

[Event "Kragero op"]
[Site "Kragero"]
[Date "2023.02.25"]
[Round "8"]
[White "Kreken, Eivind Grunt"]
[Black "Vestby Ellingsen, Mads"]
[Result "0-1"]
[WhiteElo "2192"]
[BlackElo "2370"]
[PlyCount "156"]
[EventDate "2023.02.22"]
[EventType "swiss"]
[EventRounds "9"]
[EventCountry "NOR"]
[SourceTitle "CBM 212 Extra"]
[Source "ChessBase"]
[SourceDate "2023.03.31"]
[SourceVersion "1"]
[SourceVersionDate "2023.03.31"]
[SourceQuality "1"]

1. d4 Nf6 2. c4 e6 3. Nc3 d5 4. Bg5 Be7 5. Nf3 h6 6. Bh4 0-0 7. e3 Nbd7 8. Qc2 c5 9. dxc5 dxc4 10. Bxc4 Nxc5 11. 0-0 a6 12. Rfd1 Ncd7 13. a4 Nh5 14. Bxe7 Qxe7 15. Rac1 Nhf6 16. Ne4 Nxe4 17. Qxe4 Nf6 18. Qc2 Bd7 19. Ne5 Rfc8 20. Nxd7 Nxd7 21. Qb3 Re8 22. Qc2 Rec8 23. Qb3 Rc7 24. Be2 Rac8 25. Rxc7 Rxc7 26. h3 g6 27. Rd4 Ne5 28. f4 Nc6 29. Rd2 e5 30. Kh2 exf4 31. exf4 Qf6 32. g3 Re7 33. Bf3 Nd4 34. Qd5 Nxf3+ 35. Qxf3 Qb6 36. Re2 Rc7 37. Qe4 Rc1 38. Qe8+ Kg7 39. Qe5+ Kh7 40. Rg2 Rc5 41. Qe7 Qc7 42. Qf6 Rc6 43. Qd4 Qd6 44. Qe4 Qe6 45. Qxe6 Rxe6 46. b4 Re4 47. Rb2 b5 48. a5 Kg7 49. h4 Kf6 50. Rc2 Kf5 51. Kh3 Re6 52. Rc7 f6 53. Rb7 g5 54. hxg5 hxg5 55. fxg5 fxg5 56. g4+ Ke4 57. Rd7 Rc6 58. Kg3 Rc3+ 59. Kg2 Rb3 60. Rd6 Rxb4 61. Rxa6 Kf4 62. Rb6 Kxg4 63. a6 Rb2+ 64. Kg1 Kg3 65. Kf1 g4 66. a7 Ra2 67. Rxb5 Ra1+ 68. Ke2 Rxa7 69. Rb1 Rf7 70. Rb8 Kg2 71. Rg8 Re7+ 72. Kd1 g3 73. Kd2 Kf2 74. Rf8+ Kg1 75. Rg8 g2 76. Kd3 Rh7 77. Ke2 Kh1 78. Kf2 Rf7+ 0-1

[Event "Kragero op"]
[Site "Kragero"]
[Date "2023.02.24"]
[Round "6"]
[White "Kreken, Eivind Grunt"]
[Black "Mierins, Emils Janis"]
[Result "1/2-1/2"]
[WhiteElo "2192"]
[BlackElo "2147"]
[PlyCount "71"]
[EventDate "2023.02.22"]
[EventType "swiss"]
[EventRounds "9"]
[EventCountry "NOR"]
[SourceTitle "CBM 212 Extra"]
[Source "ChessBase"]
[SourceDate "2023.03.31"]
[SourceVersion "1"]
[SourceVersionDate "2023.03.31"]
[SourceQuality "1"]

1. d4 Nf6 2. c4 c5 3. d5 b5 4. cxb5 a6 5. bxa6 g6 6. Nc3 Bg7 7. e4 0-0 8. Bc4 Qa5 9. a7 Qxa7 10. Nf3 Ba6 11. Nd2 d6 12. 0-0 Nbd7 13. Qc2 Ne5 14. Bxa6 Qxa6 15. a4 Rfb8 16. Ra3 Nd3 17. Nb5 Nb4 18. Qb1 Qb7 19. Nc4 Ne8 20. b3 Nc7 21. Nxc7 Qxc7 22. Bb2 Qd7 23. Bxg7 Kxg7 24. h3 Na6 25. Re1 Nc7 26. Qd3 Rb4 27. f4 e6 28. dxe6 Nxe6 29. f5 Nd4 30. f6+ Kxf6 31. Nxd6 Kg7 32. e5 Qe6 33. Re3 Rab8 34. Nb5 Nxb3 35. Qc3 Nd4 36. Qxc5 1/2-1/2

[Event "EU-ch U16 30th"]
[Site "Antalya"]
[Date "2022.11.08"]
[Round "3"]
[White "Kreken, Eivind Grunt"]
[Black "Ytrestoyl, Sindre Lyngsaunet"]
[Result "0-1"]
[WhiteElo "2191"]
[BlackElo "2026"]
[PlyCount "36"]
[EventDate "2022.11.06"]
[EventType "swiss"]
[EventRounds "9"]
[EventCountry "TUR"]
[SourceTitle "EXT 2024"]
[Source "ChessBase"]
[SourceDate "2023.10.10"]
[SourceVersion "1"]
[SourceVersionDate "2023.10.10"]
[SourceQuality "1"]

1. e4 c6 2. d4 d5 3. e5 c5 4. dxc5 e6 5. c3 Bxc5 6. Qg4 g6 7. Nf3 Nc6 8. Bd3 Bd7 9. Qg3 Qc7 10. 0-0 0-0-0 11. b4 Be7 12. Bf4 h6 13. h4 g5 14. hxg5 hxg5 15. Nxg5 Nh6 16. Na3 Rdg8 17. Qe3 Ng4 18. Qe2 Bxg5 0-1

[Event "Fagernes Autumn op"]
[Site "Fagernes"]
[Date "2022.10.16"]
[Round "9"]
[White "Kreken, Eivind Grunt"]
[Black "Westrum, Kim Roger Hansen"]
[Result "1/2-1/2"]
[WhiteElo "2107"]
[BlackElo "2156"]
[PlyCount "37"]
[EventDate "2022.10.09"]
[EventType "swiss"]
[EventRounds "9"]
[EventCountry "NOR"]
[SourceTitle "CBM 210 Extra"]
[Source "ChessBase"]
[SourceDate "2022.11.30"]
[SourceVersion "1"]
[SourceVersionDate "2022.11.30"]
[SourceQuality "1"]

1. e4 e6 2. d4 d5 3. Bd3 dxe4 4. Bxe4 Nf6 5. Bf3 c5 6. Ne2 Nc6 7. Be3 cxd4 8. Nxd4 Nxd4 9. Qxd4 Qxd4 10. Bxd4 Bd6 11. Nd2 0-0 12. 0-0-0 Rb8 13. Bxa7 Ra8 14. Bd4 Rxa2 15. Kb1 Ra4 16. Bc3 Nd5 17. Bxd5 exd5 18. Nf1 Bc5 19. Rxd5 1/2-1/2

[Event "Fagernes Autumn op"]
[Site "Fagernes"]
[Date "2022.10.14"]
[Round "7"]
[White "Amundsen, Ask"]
[Black "Kreken, Eivind Grunt"]
[Result "0-1"]
[WhiteElo "1869"]
[BlackElo "2107"]
[PlyCount "80"]
[EventDate "2022.10.09"]
[EventType "swiss"]
[EventRounds "9"]
[EventCountry "NOR"]
[SourceTitle "CBM 210 Extra"]
[Source "ChessBase"]
[SourceDate "2022.11.30"]
[SourceVersion "1"]
[SourceVersionDate "2022.11.30"]
[SourceQuality "1"]

1. e4 e5 2. Nf3 Nc6 3. Bc4 Bc5 4. c3 Nf6 5. d3 d6 6. 0-0 a5 7. Nbd2 0-0 8. Re1 Ba7 9. Nf1 Be6 10. Bb5 Ne7 11. Ng3 Ng6 12. d4 Bg4 13. Be2 exd4 14. cxd4 d5 15. e5 Ne4 16. Be3 c6 17. Qb3 Rb8 18. Rad1 Nxg3 19. hxg3 f6 20. Bd3 fxe5 21. Bxg6 hxg6 22. dxe5 Bxf3 23. gxf3 Rxf3 24. Kg2 Qf8 25. Rxd5 Rxf2+ 26. Bxf2 Qxf2+ 27. Kh3 cxd5 28. Qxd5+ Qf7 29. Qxa5 Qe6+ 30. Kg2 Bb6 31. Qb5 Qc6+ 32. Qxc6 bxc6 33. b4 Bd4 34. e6 Kf8 35. Rc1 Rb6 36. Rc4 Bf6 37. a4 Ke7 38. b5 cxb5 39. Rb4 Bc3 40. Rb3 b4 0-1

[Event "Fagernes Autumn op"]
[Site "Fagernes"]
[Date "2022.10.12"]
[Round "5"]
[White "Shehzad, Shazil Khan"]
[Black "Kreken, Eivind Grunt"]
[Result "1-0"]
[WhiteElo "2224"]
[BlackElo "2107"]
[PlyCount "43"]
[EventDate "2022.10.09"]
[EventType "swiss"]
[EventRounds "9"]
[EventCountry "NOR"]
[SourceTitle "CBM 210 Extra"]
[Source "ChessBase"]
[SourceDate "2022.11.30"]
[SourceVersion "1"]
[SourceVersionDate "2022.11.30"]
[SourceQuality "1"]

1. c4 e6 2. g3 d5 3. Bg2 Nf6 4. Nf3 Be7 5. 0-0 0-0 6. b3 c5 7. Bb2 Nc6 8. cxd5 Nxd5 9. d4 cxd4 10. Nxd4 Nxd4 11. Bxd4 Nb4 12. Na3 Nc6 13. Bb2 Qa5 14. Nc4 Qa6 15. Qd3 b5 16. Na5 Qxa5 17. Bxc6 Rd8 18. Qe4 Rb8 19. Qe5 Bf6 20. Qxb8 Bxb2 21. Rad1 Bd7 22. Qxb5 1-0